[Event "22.Deutsche Senioreneinzelmeisterschaft"]
[Site "Berlin"]
[Date "2010.08.20"]
[Round "5.1"]
[White "Nautsch, Werner"]
[Black "Khanukov, Boris"]
[Result "0-1"]
[WhiteElo "2105"]
[BlackElo "2258"]
[PlyCount "94"]
[EventDate "2010.??.??"]
[WhiteTeam "Sportfreunde Katernberg 1913 e.V"]
[BlackTeam "Stift. BSW Schachgr."]

1. d4 Nf6 2. c4 e6 3. Nc3 Bb4 4. Qc2 O-O 5. Nf3 c5 6. a3 Bxc3+ 7. Qxc3 cxd4 8.
Nxd4 d5 9. e3 Nc6 10. Nxc6 bxc6 11. Be2 a5 12. b4 axb4 13. axb4 Ne4 14. Qb2
Rxa1 15. Qxa1 dxc4 16. Bxc4 Nxf2 17. O-O Ne4 18. Bb2 f6 19. Qa2 Re8 20. Bd4 Kh8
21. Bd3 e5 22. Bxe4 exd4 23. Bxc6 Rxe3 24. b5 d3 25. Rd1 Bg4 26. Bf3 Bxf3 27.
gxf3 Rxf3 28. Qe6 Qd4+ 29. Kh1 h6 30. b6 Re3 31. Qc8+ Kh7 32. Qc6 Re2 33. Qf3
Rb2 34. Rxd3 Rb1+ 35. Kg2 Qg1+ 36. Kh3 Rxb6 37. Rd8 Qb1 38. Rd3 Qb5 39. Re3 Qg5
40. Re4 f5 41. Re5 Rf6 42. Re2 h5 43. Rg2 Qg4+ 44. Qxg4 hxg4+ 45. Kh4 Kh6 46.
Ra2 Rd6 47. Kg3 Rd3+ 0-1

[Event "22.Deutsche Senioreneinzelmeisterschaft"]
[Site "Berlin"]
[Date "2010.08.20"]
[Round "5.2"]
[White "Schmidt, Bodo"]
[Black "Haselhorst, Helmut"]
[Result "1-0"]
[WhiteElo "2353"]
[BlackElo "2066"]
[PlyCount "87"]
[EventDate "2010.??.??"]

1. d4 Nf6 2. c4 g6 3. Nc3 Bg7 4. Nf3 O-O 5. e4 d6 6. Be2 Bg4 7. Be3 Nfd7 8. h4
e5 9. d5 Nf6 10. Nd2 Bxe2 11. Qxe2 Nh5 12. O-O-O a5 13. c5 Na6 14. cxd6 cxd6
15. Kb1 b6 16. Nc4 Nc5 17. Bxc5 bxc5 18. Nb5 Ra6 19. a4 Nf4 20. Qf1 f5 21. exf5
gxf5 22. g3 Nh5 23. Qe2 Nf6 24. f3 Nh5 25. Rhg1 f4 26. gxf4 Rxf4 27. Rg5 Rxh4
28. Rdg1 Kf7 29. f4 Qf6 30. Rxh5 Rxf4 31. Rxh7 Qf5+ 32. Qc2 Qxc2+ 33. Kxc2
Rxc4+ 34. Kb3 Rb4+ 35. Ka3 Kf6 36. Rgxg7 Kf5 37. Rd7 Ke4 38. Nc3+ Kd3 39. Rh3+
Kc4 40. Rg7 e4 41. Rg4 Rb3+ 42. Ka2 Kb4 43. Rxe4+ c4 44. Rhh4 1-0

[Event "22.Deutsche Senioreneinzelmeisterschaft"]
[Site "Berlin"]
[Date "2010.08.20"]
[Round "5.3"]
[White "Mueller, Rudolf"]
[Black "Werner, Clemens"]
[Result "0-1"]
[WhiteElo "2050"]
[BlackElo "2308"]
[PlyCount "44"]
[EventDate "2010.??.??"]
[WhiteTeam "Karlsruher SF 1853"]
[BlackTeam "Karlsruher SF 1853"]

1. e4 e6 2. d4 d5 3. exd5 exd5 4. Bd3 c5 5. dxc5 Bxc5 6. Nc3 Nc6 7. Bf4 Nf6 8.
Qd2 O-O 9. O-O-O Be6 10. Bg5 Be7 11. Nf3 Rc8 12. Rhe1 Nb4 13. Qf4 Rxc3 14. bxc3
Nxa2+ 15. Kd2 Nxc3 16. Ra1 Nfe4+ 17. Kc1 Nxg5 18. Nd4 Bf6 19. h4 Nge4 20. Nb3
Qb6 21. Re3 Rc8 22. g4 Bxh4 0-1

[Event "22.Deutsche Senioreneinzelmeisterschaft"]
[Site "Berlin"]
[Date "2010.08.20"]
[Round "5.4"]
[White "Reichenbach, Werner"]
[Black "Bakhmatov, Eduard"]
[Result "1-0"]
[WhiteElo "2162"]
[BlackElo "2237"]
[PlyCount "51"]
[EventDate "2010.??.??"]
[WhiteTeam "SK Zehlendorf e.V."]
[BlackTeam "SV Hattingen e.V."]

1. d4 Nf6 2. c4 g6 3. Nc3 Bg7 4. e4 d6 5. Nf3 O-O 6. Be2 Nbd7 7. O-O e5 8. Re1
c6 9. Bf1 Re8 10. Rb1 a5 11. h3 exd4 12. Nxd4 Nc5 13. f3 Nh5 14. Be3 Be5 15.
Qd2 Qh4 16. Bf2 Qf6 17. Nde2 Ne6 18. Rbd1 Nef4 19. g4 Nxe2+ 20. Nxe2 Nf4 21.
Nxf4 Bxf4 22. Be3 Be5 23. f4 Bxb2 24. e5 dxe5 25. Qxb2 Qh4 26. Bf2 1-0

[Event "22.Deutsche Senioreneinzelmeisterschaft"]
[Site "Berlin"]
[Date "2010.08.20"]
[Round "5.5"]
[White "Rotstein, Jefim"]
[Black "Achenbach, Manfred"]
[Result "1-0"]
[WhiteElo "2210"]
[BlackElo "2057"]
[PlyCount "64"]
[EventDate "2010.??.??"]

1. d4 c5 2. d5 e5 3. e4 d6 4. Nc3 Be7 5. Nf3 Nf6 6. Be2 Nbd7 7. O-O Nf8 8. a4
Ng6 9. g3 O-O 10. Nd2 h6 11. Nc4 Nh7 12. Bg4 a6 13. f4 exf4 14. gxf4 f5 15. Bh5
Nh4 16. e5 g6 17. Be2 Rb8 18. a5 g5 19. Kh1 Kh8 20. Be3 b5 21. axb6 Bb7 22.
exd6 Bxd6 23. Nxd6 Qxd6 24. Bxa6 Rfe8 25. Qd2 Ba8 26. Bc4 Nf6 27. fxg5 Ne4 28.
Nxe4 Rxe4 29. Bf4 Qd8 30. Bxb8 Qxb8 31. Qc3+ Kg8 32. g6 Rd4 1-0

[Event "22.Deutsche Senioreneinzelmeisterschaft"]
[Site "Berlin"]
[Date "2010.08.20"]
[Round "5.6"]
[White "Schippan, Bernhard"]
[Black "Mueller, Waldemar"]
[Result "1-0"]
[WhiteElo "2195"]
[BlackElo "1976"]
[PlyCount "67"]
[EventDate "2010.??.??"]

1. e4 c5 2. Nc3 Nc6 3. g3 Nf6 4. Bg2 g6 5. f4 d6 6. Nf3 Bg7 7. O-O O-O 8. d3 a6
9. Ne2 Qb6 10. h3 Bd7 11. Nh2 Rac8 12. c3 e6 13. Kh1 Qc7 14. g4 Ne7 15. Ng3 Bc6
16. Qe1 Rfe8 17. Qf2 Nd7 18. f5 exf5 19. gxf5 f6 20. Be3 Ne5 21. d4 Nd3 22. Qd2
c4 23. Bh6 d5 24. Bxg7 Kxg7 25. e5 Ng8 26. Ng4 fxe5 27. f6+ Kh8 28. dxe5 Nxe5
29. Qf4 Qb8 30. Nxe5 Qxe5 31. f7 Qxf4 32. Rxf4 Re7 33. Rf2 Re3 34. Raf1 1-0

[Event "22.Deutsche Senioreneinzelmeisterschaft"]
[Site "Berlin"]
[Date "2010.08.20"]
[Round "5.7"]
[White "Daeubler, Heinrich"]
[Black "Bachmann, Karlheinz"]
[Result "1/2-1/2"]
[WhiteElo "2046"]
[BlackElo "2192"]
[PlyCount "29"]
[EventDate "2010.??.??"]

1. d4 d5 2. c4 dxc4 3. Nf3 Nf6 4. Nc3 a6 5. e4 b5 6. e5 Nd5 7. a4 e6 8. axb5
Bb4 9. Bd2 Nb6 10. Be2 Bb7 11. bxa6 Rxa6 12. Rxa6 Nxa6 13. Bg5 Qd7 14. O-O O-O
15. Be3 1/2-1/2

[Event "22.Deutsche Senioreneinzelmeisterschaft"]
[Site "Berlin"]
[Date "2010.08.20"]
[Round "5.8"]
[White "Walter, Guenter"]
[Black "Leibovitch, Iziaslav"]
[Result "1-0"]
[WhiteElo "2184"]
[BlackElo "1958"]
[PlyCount "51"]
[EventDate "2010.??.??"]

1. e4 d6 2. d4 Nf6 3. Nc3 g6 4. g3 Bg7 5. Bg2 O-O 6. Nge2 e5 7. h3 Nc6 8. Be3
exd4 9. Nxd4 Ne5 10. b3 Re8 11. O-O Bd7 12. f4 Nc6 13. Qd2 Nh5 14. Kh2 f5 15.
Rae1 fxe4 16. Nxe4 Qe7 17. Ng5 Nf6 18. Nb5 Qd8 19. Qd3 Ne7 20. Bd4 h6 21. Bxf6
Bxf6 22. Rxe7 Rxe7 23. Qxg6+ Rg7 24. Bd5+ Kf8 25. Nh7+ Rxh7 26. Qg8+ 1-0

[Event "22.Deutsche Senioreneinzelmeisterschaft"]
[Site "Berlin"]
[Date "2010.08.20"]
[Round "5.9"]
[White "Hanisch, Friedrich"]
[Black "Trescher, Manfred"]
[Result "1/2-1/2"]
[WhiteElo "2035"]
[BlackElo "2167"]
[PlyCount "33"]
[EventDate "2010.??.??"]

1. d4 d5 2. Nf3 c6 3. e3 Nf6 4. c4 e6 5. Bd3 Nbd7 6. O-O dxc4 7. Bxc4 b5 8. Bd3
a6 9. a4 Bb7 10. Nbd2 Bd6 11. e4 e5 12. dxe5 Nxe5 13. Nxe5 Bxe5 14. Nf3 Qc7 15.
Nxe5 Qxe5 16. Qe2 O-O 17. f3 1/2-1/2

[Event "22.Deutsche Senioreneinzelmeisterschaft"]
[Site "Berlin"]
[Date "2010.08.20"]
[Round "5.10"]
[White "Kollberg, Lothar"]
[Black "Gruzmann, Boris"]
[Result "0-1"]
[WhiteElo "2002"]
[BlackElo "2248"]
[PlyCount "88"]
[EventDate "2010.??.??"]

1. d4 Nf6 2. c4 g6 3. g3 Bg7 4. Bg2 d6 5. Nf3 O-O 6. O-O Nc6 7. d5 Na5 8. Nfd2
c6 9. Nc3 cxd5 10. cxd5 Bd7 11. b4 Rc8 12. Bb2 Nc4 13. Nxc4 Rxc4 14. Qb3 Qc7
15. h3 Rc8 16. Rac1 Nh5 17. Ne4 Rc2 18. Bc3 Rxc3 19. Nxc3 Bxc3 20. Rc2 Nxg3 21.
Rfc1 Bf5 22. e4 Bxe4 23. Rxc3 Ne2+ 24. Kh2 Nxc3 25. Bxe4 Qc4 26. Qxc4 Rxc4 27.
Bf3 Rc7 28. Ra1 Kg7 29. Kg3 Rc4 30. a3 Rd4 31. Rc1 Rd3 32. Kg2 Kf6 33. h4 h5
34. a4 a6 35. b5 axb5 36. axb5 Nxd5 37. Be4 Nf4+ 38. Kf1 Rb3 39. Bxb7 Rxb5 40.
Ba6 Ra5 41. Bb7 d5 42. Rc6+ e6 43. Ke1 Ng2+ 44. Ke2 Ra2+ 0-1

[Event "22.Deutsche Senioreneinzelmeisterschaft"]
[Site "Berlin"]
[Date "2010.08.20"]
[Round "5.11"]
[White "Clemens, Christian"]
[Black "Papenbrock, Volker"]
[Result "0-1"]
[WhiteElo "2274"]
[BlackElo "2010"]
[PlyCount "86"]
[EventDate "2010.??.??"]

1. g3 g6 2. Bg2 Bg7 3. d4 d6 4. e4 Nf6 5. Ne2 O-O 6. Nbc3 c6 7. a4 e5 8. O-O
Nbd7 9. h3 b6 10. f4 Ba6 11. Re1 Qc7 12. Be3 Rfe8 13. Qd2 Bxe2 14. Rxe2 exd4
15. Bxd4 Rad8 16. Rd1 Nf8 17. Qe1 Ne6 18. Bf2 Nd7 19. b4 Nb8 20. Be3 c5 21. Nb5
Qd7 22. c3 Nc7 23. Na3 Qe6 24. Nb1 Qc4 25. Qd2 d5 26. e5 d4 27. cxd4 cxd4 28.
Bf2 Nca6 29. Be1 Bf8 30. Re4 Bxb4 31. Qb2 Bc5 32. Kh2 Qxa4 33. Bf3 Nc6 34. g4
Nab4 35. Rd2 Nd5 36. Bf2 Qb4 37. Qc1 a5 38. Rb2 Qa4 39. Bd1 Qa1 40. Bb3 Ba3 41.
Qxc6 Qxb2 42. Bxd5 Qxf2+ 43. Kh1 Rc8 0-1

[Event "22.Deutsche Senioreneinzelmeisterschaft"]
[Site "Berlin"]
[Date "2010.08.20"]
[Round "5.12"]
[White "Troeger, Rainer"]
[Black "Neese, Hans-Joachim"]
[Result "0-1"]
[WhiteElo "1999"]
[BlackElo "2161"]
[PlyCount "93"]
[EventDate "2010.??.??"]

1. Nf3 c5 2. c4 Nc6 3. Nc3 g6 4. g3 Bg7 5. Bg2 Nf6 6. O-O O-O 7. e3 d6 8. d4
Bd7 9. Qe2 a6 10. d5 Na5 11. Nd2 Rb8 12. a4 e6 13. dxe6 fxe6 14. Rd1 Qe7 15.
Ra3 Rbd8 16. Nde4 Ne8 17. Bd2 Nc6 18. Be1 Nb4 19. a5 Bc6 20. Na4 Nf6 21. Nxf6+
Bxf6 22. Nb6 d5 23. Bxb4 cxb4 24. Rad3 Qc5 25. Qg4 Rde8 26. cxd5 exd5 27. Bxd5+
Kg7 28. Bxc6 Qxc6 29. Rd7+ Rf7 30. Qxb4 Ree7 31. R7d6 Qf3 32. R6d2 Re4 33. Qb3
h5 34. Rd7 Bd8 35. Qc3+ Kh7 36. Qe1 h4 37. Qf1 hxg3 38. hxg3 Kg7 39. Nd5 Bg5
40. Rxf7+ Qxf7 41. Qd3 Qf3 42. Rc1 Re8 43. Rc7+ Kh6 44. Qd4 Rd8 45. Qg7+ Kh5
46. Nf4+ Kg4 47. Qxg6 0-1

[Event "22.Deutsche Senioreneinzelmeisterschaft"]
[Site "Berlin"]
[Date "2010.08.20"]
[Round "5.13"]
[White "Rosen, Willy"]
[Black "Jacob, Helmut"]
[Result "1/2-1/2"]
[WhiteElo "2159"]
[BlackElo "2009"]
[PlyCount "60"]
[EventDate "2010.??.??"]

1. e4 c6 2. d4 d5 3. e5 c5 4. dxc5 e6 5. Nf3 Bxc5 6. Bd3 Nc6 7. a3 Qc7 8. b4
Bb6 9. Bb2 Nge7 10. O-O Ng6 11. Re1 Bd7 12. Nbd2 Nce7 13. c4 dxc4 14. Nxc4 O-O
15. Rc1 Bc6 16. Nd6 Qd7 17. Ng5 h6 18. Nge4 Nf5 19. Nxf5 exf5 20. Nd6 Nh4 21.
Qh5 Nxg2 22. Bxf5 Qe7 23. Rxc6 Nxe1 24. Rc3 Bd4 25. Rg3 Nf3+ 26. Rxf3 Bxb2 27.
Nc4 Bc1 28. Rg3 Kh8 29. Be4 Rad8 30. Nd6 Rxd6 1/2-1/2

[Event "22.Deutsche Senioreneinzelmeisterschaft"]
[Site "Berlin"]
[Date "2010.08.20"]
[Round "5.14"]
[White "Shapiro, Yosip"]
[Black "Lieb, Harald"]
[Result "0-1"]
[WhiteElo "1998"]
[BlackElo "2153"]
[PlyCount "90"]
[EventDate "2010.??.??"]

1. Nf3 Nf6 2. c4 g6 3. Nc3 Bg7 4. g3 O-O 5. Bg2 d6 6. d4 Nc6 7. d5 Na5 8. b3 c5
9. Bb2 a6 10. O-O Bd7 11. Nd2 b5 12. cxb5 axb5 13. Qc2 Rc8 14. h3 Re8 15. Rad1
b4 16. Nce4 Nxd5 17. Bxg7 Kxg7 18. Qb2+ f6 19. Nxd6 exd6 20. Bxd5 Bxh3 21. Rfe1
Be6 22. Nf3 Nc6 23. Qd2 Bg4 24. Nh2 Bf5 25. Bc4 Be6 26. Qxd6 Bxc4 27. bxc4 Qxd6
28. Rxd6 Ne5 29. f4 Nf7 30. Rd7 Re4 31. Kf2 Rce8 32. Ng4 h5 33. Nh6 Kxh6 34.
Rxf7 f5 35. e3 Rxc4 36. Rd1 Rc2+ 37. Kf1 h4 38. Rdd7 Kh5 39. gxh4 Kg4 40. Rfe7
Rxe7 41. Rxe7 Rxa2 42. Rb7 Kf3 43. Ke1 Kxe3 44. Kd1 Kd3 45. Rd7+ Kc3 0-1

[Event "22.Deutsche Senioreneinzelmeisterschaft"]
[Site "Berlin"]
[Date "2010.08.20"]
[Round "5.15"]
[White "Krueger, Erich"]
[Black "Bondick, Karl-Heinz"]
[Result "0-1"]
[WhiteElo "2131"]
[BlackElo "2006"]
[PlyCount "90"]
[EventDate "2010.??.??"]

1. d4 d5 2. c4 dxc4 3. e3 c5 4. Bxc4 cxd4 5. exd4 e6 6. Nf3 Nf6 7. O-O Be7 8.
Nc3 O-O 9. Qe2 Na6 10. Rd1 Nb4 11. Ne5 a6 12. a3 Nbd5 13. Ne4 b5 14. Nc6 Qc7
15. Nxe7+ Qxe7 16. Bd3 Nxe4 17. Qxe4 g6 18. h4 f5 19. Qe5 Qxh4 20. a4 b4 21.
Bc4 Rd8 22. Re1 Kf7 23. Bxd5 Rxd5 24. Qc7+ Qe7 25. Qh2 h5 26. Be3 Bd7 27. Rec1
e5 28. dxe5 Qxe5 29. Qh4 a5 30. b3 Rc8 31. Re1 Be6 32. Rad1 Qf6 33. Qf4 Rcd8
34. Rxd5 Rxd5 35. Qc7+ Qe7 36. Qc1 Qf6 37. Bg5 Qc3 38. Qb1 Rd3 39. Rc1 Qxb3 40.
Qa1 Rc3 41. Re1 Qc2 42. Bd8 b3 43. Bg5 b2 44. Qb1 Qxb1 45. Rxb1 Rc2 0-1

[Event "22.Deutsche Senioreneinzelmeisterschaft"]
[Site "Berlin"]
[Date "2010.08.20"]
[Round "5.16"]
[White "Bogorad, Michail"]
[Black "Thieme, Hans"]
[Result "1-0"]
[WhiteElo "2118"]
[BlackElo "1996"]
[PlyCount "95"]
[EventDate "2010.??.??"]

1. e4 c5 2. Nf3 e6 3. Qe2 Nf6 4. g3 d5 5. d3 Nc6 6. e5 Nd7 7. c3 Qc7 8. Bf4 h6
9. h4 b5 10. Bg2 a5 11. O-O Ba6 12. Rc1 Nb6 13. Nbd2 Be7 14. Nf1 Rc8 15. N1h2
Qb7 16. h5 c4 17. d4 b4 18. Ne1 Rb8 19. Qg4 Bf8 20. Bd2 Na4 21. Rab1 Qa7 22.
Qd1 Nb6 23. Ng4 Be7 24. f4 Kd7 25. Ne3 Rbg8 26. f5 Bg5 27. Qg4 Bc8 28. fxe6+
fxe6 29. Nf3 Bxe3+ 30. Bxe3 Ne7 31. Nh4 Ke8 32. Rf1 Bd7 33. Bh3 Nbc8 34. Rf3
Rf8 35. Rbf1 Rxf3 36. Qxf3 Rg8 37. Qf7+ Kd8 38. Bxe6 Bxe6 39. Qxe6 bxc3 40.
bxc3 Qb7 41. Nf5 Rf8 42. g4 Qb2 43. Rf2 Qxc3 44. Nxe7 Qa1+ 45. Kg2 Rxf2+ 46.
Bxf2 Nxe7 47. Qd6+ Ke8 48. e6 1-0

[Event "22.Deutsche Senioreneinzelmeisterschaft"]
[Site "Berlin"]
[Date "2010.08.20"]
[Round "5.17"]
[White "Lueders, Gerhard"]
[Black "Beckel, Friedrich"]
[Result "1-0"]
[WhiteElo "2110"]
[BlackElo "2000"]
[PlyCount "97"]
[EventDate "2010.??.??"]

1. e4 c5 2. c3 g6 3. d4 cxd4 4. Bc4 Qc7 5. Qxd4 Nf6 6. Na3 Nc6 7. Nb5 Qb8 8.
Qe3 Bg7 9. f4 d6 10. h3 O-O 11. g4 Be6 12. Bxe6 fxe6 13. Ne2 d5 14. e5 Ne4 15.
h4 Bxe5 16. fxe5 Nxe5 17. Nbd4 Nxg4 18. Qh3 h5 19. Be3 e5 20. Ne6 Rf6 21. Ng5
Nef2 22. Bxf2 Nxf2 23. Qd7 Qd8 24. Qxd8+ Rxd8 25. O-O Nd3 26. Rad1 Nf4 27. Nxf4
exf4 28. Rde1 Rd7 29. Ne6 f3 30. Re3 f2+ 31. Rxf2 Rxf2 32. Kxf2 Kf7 33. Ng5+
Kf6 34. Rf3+ Ke5 35. Ke3 d4+ 36. cxd4+ Rxd4 37. Rf7 Rb4 38. Rxe7+ Kf6 39. Rf7+
Ke5 40. b3 a5 41. Re7+ Kf5 42. Re4 Rxe4+ 43. Nxe4 Kg4 44. Nd6 Kxh4 45. Kf2 b6
46. Nc4 b5 47. Nxa5 Kg4 48. Nc6 Kf4 49. Nd4 1-0

[Event "22.Deutsche Senioreneinzelmeisterschaft"]
[Site "Berlin"]
[Date "2010.08.20"]
[Round "5.18"]
[White "Dushatskiy, Fedor"]
[Black "Nuenchert, Eveline"]
[Result "1/2-1/2"]
[WhiteElo "2097"]
[BlackElo "1990"]
[PlyCount "50"]
[EventDate "2010.??.??"]

1. Nf3 d5 2. d4 Nf6 3. c4 c6 4. Nc3 Bf5 5. cxd5 Nxd5 6. e3 e6 7. Bc4 Nd7 8. O-O
Be7 9. Re1 O-O 10. e4 Nxc3 11. bxc3 Bg4 12. h3 Bh5 13. Rb1 b5 14. Bf1 Nb6 15.
g4 Bg6 16. Ne5 Qe8 17. Qb3 Bd6 18. Ba3 Bxa3 19. Qxa3 f6 20. Nxg6 Qxg6 21. Qd6
Qe8 22. d5 cxd5 23. exd5 Nxd5 24. Bxb5 Rd8 25. Qa3 Qg6 1/2-1/2

[Event "22.Deutsche Senioreneinzelmeisterschaft"]
[Site "Berlin"]
[Date "2010.08.20"]
[Round "5.19"]
[White "Wuensch, Ulrich"]
[Black "Ljuboschiz, Alexander"]
[Result "1/2-1/2"]
[WhiteElo "1985"]
[BlackElo "2088"]
[PlyCount "59"]
[EventDate "2010.??.??"]

1. d4 Nf6 2. Nf3 g6 3. c4 Bg7 4. Nc3 O-O 5. e4 d6 6. Be2 Nbd7 7. e5 Ne8 8. O-O
c5 9. exd6 Nxd6 10. d5 Nf6 11. Be3 b6 12. Qc2 Bf5 13. Qb3 Nfe4 14. Nxe4 Bxe4
15. Nd2 Bf5 16. Rfe1 Bd7 17. Nf3 Bg4 18. Bd2 Ne4 19. Be3 Qc7 20. h3 Bf5 21. Bd3
Nd6 22. Rad1 Bxd3 23. Rxd3 Nf5 24. Bc1 Rfe8 25. Qc2 a6 26. b3 Nd4 27. Nxd4 Bxd4
28. Bb2 Bxb2 29. Qxb2 Rad8 30. Rde3 1/2-1/2

[Event "22.Deutsche Senioreneinzelmeisterschaft"]
[Site "Berlin"]
[Date "2010.08.20"]
[Round "5.20"]
[White "Welz, Peter"]
[Black "Budt, Karl-Heinz"]
[Result "1-0"]
[WhiteElo "2083"]
[BlackElo "1981"]
[PlyCount "41"]
[EventDate "2010.??.??"]

1. e4 e6 2. d4 d5 3. e5 c5 4. c3 Nc6 5. Nf3 Qb6 6. a3 a5 7. Bd3 cxd4 8. cxd4
Bd7 9. Bc2 f6 10. O-O f5 11. Nc3 Nh6 12. Bxh6 gxh6 13. Bxf5 Ne7 14. Bd3 a4 15.
Qc2 Rc8 16. Rab1 Nc6 17. Rfd1 Na5 18. Bxh7 Rxh7 19. Qxh7 Nc4 20. Nxa4 Nxb2 21.
Qg6+ 1-0

[Event "22.Deutsche Senioreneinzelmeisterschaft"]
[Site "Berlin"]
[Date "2010.08.20"]
[Round "5.21"]
[White "Pueschel, Werner"]
[Black "Mueller, Lutz"]
[Result "1/2-1/2"]
[WhiteElo "2079"]
[BlackElo "1953"]
[PlyCount "52"]
[EventDate "2010.??.??"]

1. e4 c5 2. Nf3 d6 3. Bb5+ Nc6 4. Bxc6+ bxc6 5. O-O g6 6. d4 cxd4 7. Qxd4 f6 8.
Qc4 Qb6 9. Re1 Ba6 10. Qc3 e5 11. Be3 Qc7 12. Nbd2 Kf7 13. Nc4 Kg7 14. Rad1 Rc8
15. b3 h5 16. Qa5 Bxc4 17. Qxc7+ Rxc7 18. bxc4 Nh6 19. Rb1 Be7 20. Rb3 f5 21.
Bxh6+ Rxh6 22. exf5 gxf5 23. c5 e4 24. cxd6 Rxd6 25. Ne5 Rd4 26. Rg3+ Kf6
1/2-1/2

[Event "22.Deutsche Senioreneinzelmeisterschaft"]
[Site "Berlin"]
[Date "2010.08.20"]
[Round "5.22"]
[White "Swoboda, Peter"]
[Black "Lang, Ferdinand"]
[Result "0-1"]
[WhiteElo "1946"]
[BlackElo "2071"]
[PlyCount "80"]
[EventDate "2010.??.??"]
[WhiteTeam "USV Volksbank Halle e. V."]
[BlackTeam "SC Blau.Turm Bad Wimpfen"]

1. d4 Nf6 2. c4 c5 3. d5 b5 4. cxb5 a6 5. b6 Qxb6 6. Nc3 d6 7. e4 g6 8. Nf3 Bg7
9. Be2 O-O 10. O-O Nbd7 11. Qc2 Rb8 12. b3 Nxe4 13. Qxe4 Bxc3 14. Bh6 Bxa1 15.
Bxf8 Kxf8 16. Rxa1 Nf6 17. Qh4 Kg7 18. Bc4 e6 19. Rd1 e5 20. h3 Qa5 21. a4 Bf5
22. Ne1 Qc3 23. g4 Bd7 24. Ng2 Qc2 25. Ne3 Qe4 26. Re1 Qf4 27. Ng2 Qd4 28. Ne3
h5 29. Rd1 Qe4 30. Re1 Qf4 31. Ng2 Qd4 32. g5 Qxh4 33. Nxh4 Nh7 34. Re3 Nxg5
35. Bxa6 Nxh3+ 36. Kf1 Nf4 37. Bc4 Bh3+ 38. Kg1 Bg4 39. f3 Bc8 40. Ng2 Nxg2 0-1

[Event "22.Deutsche Senioreneinzelmeisterschaft"]
[Site "Berlin"]
[Date "2010.08.20"]
[Round "5.23"]
[White "Badestein, Hartmut"]
[Black "Nagorni, Walter"]
[Result "0-1"]
[WhiteElo "2055"]
[BlackElo "1949"]
[PlyCount "74"]
[EventDate "2010.??.??"]

1. e4 c5 2. Nf3 Nc6 3. d4 cxd4 4. Nxd4 g6 5. c4 Bg7 6. Be3 Nf6 7. Nc3 O-O 8.
Be2 d6 9. O-O Bd7 10. Rc1 Nxd4 11. Bxd4 Bc6 12. Bf3 a5 13. b3 Nd7 14. Bxg7 Kxg7
15. Re1 Qb6 16. Qd2 Ne5 17. Qe3 Qxe3 18. Rxe3 Rfc8 19. Be2 b6 20. f4 Nd7 21.
Bg4 Rc7 22. Rce1 Nf6 23. Bf3 e5 24. g3 a4 25. Rd1 axb3 26. axb3 Nd7 27. Nd5
Bxd5 28. Rxd5 Rc5 29. Rd2 f6 30. Be2 Ra1+ 31. Kf2 Rca5 32. Bg4 Ra7 33. Be6 Kf8
34. f5 Ke7 35. g4 g5 36. h4 Rh1 37. Ree2 Rxh4 0-1

[Event "22.Deutsche Senioreneinzelmeisterschaft"]
[Site "Berlin"]
[Date "2010.08.20"]
[Round "5.24"]
[White "Beran, Rolf-Dietrich"]
[Black "Schulz, Wolfgang"]
[Result "0-1"]
[WhiteElo "1913"]
[BlackElo "2051"]
[PlyCount "98"]
[EventDate "2010.??.??"]

1. c4 g6 2. g3 Bg7 3. Bg2 Nf6 4. Nc3 O-O 5. Rb1 d6 6. e3 e5 7. Nge2 c6 8. O-O
Be6 9. b3 d5 10. d3 Nbd7 11. Ba3 Re8 12. Bb2 a6 13. Qd2 b5 14. cxb5 cxb5 15. d4
e4 16. Nf4 Nf8 17. Ba3 g5 18. Nxe6 Nxe6 19. Bc5 g4 20. h4 gxh3 21. Bxh3 Ng5 22.
Bg2 Kh8 23. Rfc1 Qd7 24. Qe2 h5 25. Kf1 Qf5 26. Ke1 Ng4 27. Kd2 Kh7 28. Rh1 Kg6
29. Kc2 Rac8 30. b4 Ne6 31. Bh3 Rh8 32. Kb3 Ng5 33. Bxg4 hxg4 34. Rbf1 Rh3 35.
Rhg1 Rh2 36. Rh1 Rch8 37. Rxh2 Rxh2 38. Bd6 Nh3 39. Bf4 Kh7 40. a4 Nxf4 41.
gxf4 g3 42. axb5 axb5 43. Qe1 g2 44. Rg1 Qh3 45. Ne2 Rh1 46. Ng3 Rxg1 47. Qxg1
Bf6 48. f5 Bh4 49. Ne2 Qh1 0-1

[Event "22.Deutsche Senioreneinzelmeisterschaft"]
[Site "Berlin"]
[Date "2010.08.20"]
[Round "5.25"]
[White "Prill, Gerhard"]
[Black "Petzold, Hilmar"]
[Result "1-0"]
[WhiteElo "2044"]
[BlackElo "1940"]
[PlyCount "61"]
[EventDate "2010.??.??"]
[WhiteTeam "SC Heitersheim"]
[BlackTeam "SG Narva Berlin e.V."]

1. e4 e5 2. Nf3 Nc6 3. Bc4 Nf6 4. d3 Be7 5. a3 O-O 6. O-O d6 7. Nbd2 Kh8 8. Re1
Bg4 9. h3 Bh5 10. c3 d5 11. Bb3 dxe4 12. dxe4 Nd7 13. Bc2 Nc5 14. Qe2 Qd7 15.
Nc4 Rae8 16. Ncxe5 Qe6 17. Nxc6 Qxc6 18. g4 Bg6 19. Nd4 Qb6 20. b4 Nd7 21. Be3
c5 22. Nf3 Qe6 23. Rad1 a6 24. Bf4 h5 25. Nh2 Bf6 26. Rd6 Qe7 27. Qd2 Ne5 28.
g5 Bxg5 29. Bxg5 f6 30. Bf4 Nc4 31. Qd1 1-0

[Event "22.Deutsche Senioreneinzelmeisterschaft"]
[Site "Berlin"]
[Date "2010.08.20"]
[Round "5.26"]
[White "Johannsen, Ingbert"]
[Black "Leiber, Bernard"]
[Result "1-0"]
[WhiteElo "1907"]
[BlackElo "2043"]
[PlyCount "79"]
[EventDate "2010.??.??"]
[WhiteTeam "SG Witten"]
[BlackTeam "SV Osnabrueck"]

1. e4 d6 2. d4 Nf6 3. f3 Nbd7 4. g3 e5 5. c3 Be7 6. Bg2 O-O 7. Ne2 c6 8. O-O d5
9. h3 dxe4 10. fxe4 Qb6 11. Kh2 Re8 12. Nd2 Bf8 13. Nc4 Qb5 14. b3 Qa6 15. Qc2
b5 16. Ne3 g6 17. Bd2 Bg7 18. Rf2 c5 19. d5 c4 20. Raf1 Nc5 21. Nc1 Re7 22. b4
Ncd7 23. Ne2 Qb6 24. g4 a5 25. a3 axb4 26. axb4 Ra3 27. Ng3 Qa6 28. Bc1 Ra1 29.
g5 Ne8 30. Ng4 Nd6 31. h4 Nf8 32. Nf6+ Kh8 33. h5 Nd7 34. Be3 Rxf1 35. Rxf1 Nb6
36. Bc5 Na4 37. Rf3 Rb7 38. Qf2 Bf8 39. hxg6 fxg6 40. Ne8 1-0

[Event "22.Deutsche Senioreneinzelmeisterschaft"]
[Site "Berlin"]
[Date "2010.08.20"]
[Round "5.27"]
[White "Schmoll, Heinz"]
[Black "Bomert, Egon"]
[Result "1-0"]
[WhiteElo "2043"]
[BlackElo "1935"]
[PlyCount "59"]
[EventDate "2010.??.??"]

1. e4 c5 2. Nf3 d6 3. d4 cxd4 4. Nxd4 Nf6 5. Nc3 a6 6. Bc4 Qc7 7. Bb3 e6 8. Bg5
Nbd7 9. O-O Nc5 10. Bxf6 Nxb3 11. Bxg7 Bxg7 12. axb3 Qc5 13. Ndb5 Ke7 14. Ra4
Bd7 15. Rc4 axb5 16. Rxc5 dxc5 17. Qd3 Bc6 18. Nxb5 Rhd8 19. Qe2 Ra5 20. Nc3
Kd7 21. Qh5 Ke7 22. b4 Raa8 23. Qxc5+ Ke8 24. b5 Bd7 25. e5 Rac8 26. Qe3 Kf8
27. f4 f5 28. Qb6 Kg8 29. Rd1 Bf8 30. Rxd7 1-0

[Event "22.Deutsche Senioreneinzelmeisterschaft"]
[Site "Berlin"]
[Date "2010.08.20"]
[Round "5.28"]
[White "Kollowa, Kurt"]
[Black "Zschaebitz, Klaus"]
[Result "1-0"]
[WhiteElo "1894"]
[BlackElo "2040"]
[PlyCount "93"]
[EventDate "2010.??.??"]

1. d4 g6 2. c4 Bg7 3. Nc3 d6 4. e4 a6 5. Be3 c6 6. Qd2 Nf6 7. f3 Nbd7 8. Nh3 b5
9. Nf2 O-O 10. Be2 bxc4 11. Bxc4 Nb6 12. Be2 a5 13. O-O Ne8 14. Bh6 Nc7 15.
Bxg7 Kxg7 16. b3 f6 17. Rac1 Bd7 18. Rfd1 Qb8 19. f4 d5 20. g3 Rh8 21. Bf3 h5
22. Re1 e6 23. h4 Qf8 24. Kg2 a4 25. Nd3 axb3 26. axb3 Na6 27. Na4 Nxa4 28.
bxa4 Qb8 29. exd5 cxd5 30. Bxd5 Ra7 31. Bxe6 Bxa4 32. Nc5 Nxc5 33. dxc5 Bc6+
34. Kh3 Rd8 35. Qf2 Qb4 36. Re2 Ra3 37. Bc4 Rd7 38. Rb2 Qa5 39. Rb6 Rd2 40. Be2
Bf3 41. Re1 Bg4+ 42. Kg2 Raa2 43. Rb7+ Kh6 44. Re7 Qd8 45. Re3 Qd4 46. f5 Qxe3
47. Qxe3+ 1-0

[Event "22.Deutsche Senioreneinzelmeisterschaft"]
[Site "Berlin"]
[Date "2010.08.20"]
[Round "5.29"]
[White "Weber, Bernd"]
[Black "Hohn, August"]
[Result "1-0"]
[WhiteElo "2037"]
[BlackElo "1930"]
[PlyCount "50"]
[EventDate "2010.??.??"]
[WhiteTeam "SC Leipzig-Gohlis"]
[BlackTeam "SC Zugzwang 95 e.V."]

1. d4 e6 2. Nf3 Nf6 3. c4 Bb4+ 4. Bd2 Be7 5. Nc3 d5 6. e3 O-O 7. cxd5 exd5 8.
Bd3 b6 9. O-O Ba6 10. Bxa6 Nxa6 11. Qe2 Nb8 12. Ne5 Bb4 13. Rac1 Re8 14. Nd3
Bxc3 15. Bxc3 Nbd7 16. b4 Ne4 17. b5 Nd6 18. Nb4 Nf6 19. a4 Qd7 20. Qf3 Nc4 21.
Rfd1 Ne4 22. Qe2 Re6 23. Be1 Na5 24. Nd3 f6 25. Bxa5 bxa5 1-0